000 00821nam a2200217 u 4500
001 000421294
003 AM-YeHGA
005 20250618072441.0
008 050420s1996 ai r 000 0 arm d
020 _a5545007482
040 _aAM-YeHGA
041 1 _aarm
245 1 0 _aՔիմիա :
_bԴասագիրք հանրակրթական դպրոցի 8-րդ դասարանի համար /
_cՖ.Հ. Ֆելդման, Գ.Ե. Ռուձիտիս; Թարգմ.՝ Ա.Հ. Մելքոնյան; Խմբ.՝ Ա.Կ. Մելքոյան.
250 _a3-րդ հրատ.
260 _aԵրևան :
_bԼույս,
_c1996.
300 _a236 էջ :
_bաղս. ;
_c22 սմ.
650 1 4 _aՔիմիա
_vԴասագիրք
_95631
700 1 _aՄելքոնյան, Ա.Հ.
_eթարգմ.
_4trl
700 1 _aՄելքոյան, Ա.Կ.
_eխմբ.
_4edt
090 _c162317
999 _c160913
_d160913